logo

Bir Sreshtho Munshi Abdur Rouf Library
Jhenaidah Cadet College

Magill's Quotations in context / (Record no. 6557)

MARC details
000 -LEADER
fixed length control field 00648cam a22002413a 4500
001 - CONTROL NUMBER
JCCL Control Number 6557
003 - CONTROL NUMBER IDENTIFIER
JCCL marc code UkOxU
005 - DATE AND TIME OF LATEST TRANSACTION
control field 20200407134007.0
008 - FIXED-LENGTH DATA ELEMENTS--GENERAL INFORMATION
fixed length control field 000000s1975 xx 000 0 und
035 ## - SYSTEM CONTROL NUMBER
system control number OCLC pks03537623 from D960729K
040 ## - CATALOGING SOURCE
Original cataloging agency EQO
Transcribing agency EQO
Modifying agency BD-JhCC
041 ## - LANGUAGE CODE
Language code of Book eng
082 ## - DEWEY DECIMAL CLASSIFICATION NUMBER
Classification number 808.882
Author mark and Year MAG 1975
100 ## - MAIN ENTRY--PERSONAL NAME
Personal name F.N. Magill
245 00 - TITLE STATEMENT
Title Magill's Quotations in context /
Statement of responsibility, etc ed. by F.N. Magill
250 ## - EDITION STATEMENT
Edition statement 1st ed
260 ## - PUBLICATION, DISTRIBUTION, ETC. (IMPRINT)
Place of publication, distribution, etc Englewood Cliffs,
Date of publication, distribution, etc [c.1975]
300 ## - PHYSICAL DESCRIPTION
Pagination 1224 p. :
Dimensions 22 cm.
650 ## - SUBJECT ADDED ENTRY--TOPICAL TERM
Topical term or geographic name as entry element Quotations, English
700 1# - ADDED ENTRY--PERSONAL NAME
Personal name Magill, Frank N.
Fuller form of name (Frank Northen),
Dates associated with a name 1907-1997.
942 ## - ADDED ENTRY ELEMENTS (KOHA)
Source of classification or shelving scheme Dewey Decimal Classification
Koha item type Books
Koha issues (borrowed), all copies 2
Holdings
Source of classification or shelving scheme Damaged status Not for loan Home library Current library Shelving location Total Checkouts Full call number Barcode Date last seen Date checked out Copy number Koha item type
Dewey Decimal Classification     JCC Rouf Library JCC Rouf Library General Stacks 1 808.882 MAG 1975 8834 04/20/2020 04/06/2020 C - 1 Books

JCC Library | Contacts | JCC Home

Last Update on 23 September 2017
Copyright @ 2017-2020 JCC Rouf Library
Rouf Library, Jhenidah Cadet College (JCC), Bangladesh